|
|
|
|
| LEADER |
00000nas a2200000 a 4500 |
| 001 |
ssj0001143 |
| 003 |
WaSeSS |
| 005 |
20200512172242.0 |
| 006 |
m d |
| 007 |
cr n |
| 008 |
980610c19059999nyumr pss 0 a0eng c |
| 010 |
|
|
|a 2009233336
|
| 016 |
7 |
|
|a 2003374-6
|2 DE-600
|
| 016 |
7 |
|
|a 012431990
|2 Uk
|
| 022 |
|
|
|a 1879-1883
|l 0002-9610
|y 0002-9610
|
| 035 |
|
|
|a (WaSeSS)ssj0001143
|
| 040 |
|
|
|a OH1
|b eng
|c OH1
|d OCL
|d OCLCQ
|d GUA
|d TEF
|d OCLCQ
|d OCLCO
|d OCLCQ
|d OPELS
|d OCLCF
|d OCLCO
|d OCLCQ
|d OCLCO
|d OCLCQ
|d OCLCO
|d BUF
|d EZC
|d FQM
|d AU@
|d OCLCO
|d UKMGB
|d TKN
|d VT2
|d U3W
|d WaSeSS
|
| 042 |
|
|
|a pcc
|
| 050 |
1 |
4 |
|a RD1
|
| 060 |
0 |
0 |
|a W1
|b AM523
|
| 082 |
0 |
4 |
|a 617
|2 23
|
| 130 |
0 |
|
|a American journal of surgery (Online)
|
| 210 |
0 |
|
|a Am. j. surg.
|b (Online)
|
| 222 |
|
4 |
|a The American journal of surgery
|b (Online)
|
| 245 |
1 |
4 |
|a The American journal of surgery
|h [electronic resource].
|
| 260 |
|
|
|a New York, NY :
|b Excerpta Medica, Inc.
|
| 310 |
|
|
|a Monthly
|
| 362 |
1 |
|
|a Print began with vol. 18, no. 9 (Apr. 1905).
|
| 506 |
|
|
|a License restrictions may limit access.
|
| 525 |
|
|
|a Supplements accompany some issues.
|
| 588 |
|
|
|a Description based on: Vol. 169, issue 1 (Jan. 1995); title from contents screen (ScienceDirect, viewed Nov. 9, 2009).
|
| 588 |
|
|
|a Latest issue consulted: Vol. 198, issue 5 (Nov. 2009), viewed Nov. 9, 2009.
|
| 650 |
|
0 |
|a Surgery
|v Periodicals.
|
| 650 |
|
7 |
|a Surgery.
|2 fast
|0 (OCoLC)fst01139351
|
| 650 |
|
2 |
|a Surgery
|v Periodicals.
|
| 655 |
|
0 |
|a Electronic journals.
|
| 776 |
0 |
8 |
|i Print version:
|t American journal of surgery
|x 0002-9610
|w (DLC)sg 37000053
|w (OCoLC)1480194
|
| 856 |
4 |
0 |
|z Full text available from Research Library: 01/01/2000 to 12/31/2000
|u https://search.proquest.com/publication/1216386
|
| 856 |
4 |
0 |
|z Full text available from Research Library: 01/01/2003 to 2 months ago
|u https://search.proquest.com/publication/1216386
|